Normal view
MARC view
- Shakespeare, William, 1564-1616 -- Stage history
Entry Topical Term
001 - CONTROL NUMBER
- control field: 51805
003 - CONTROL NUMBER IDENTIFIER
- control field: OSt
005 - DATE AND TIME OF LATEST TRANSACTION
- control field: 20240207141821.0
008 - FIXED-LENGTH DATA ELEMENTS
- fixed length control field: 240207|| aca||aabn | a|a d
040 ## - CATALOGING SOURCE
- Original cataloging agency: OSt
- Transcribing agency: OSt
150 ## - HEADING--TOPICAL TERM
- Topical term or geographic name entry element: Shakespeare, William, 1564-1616 -- Stage history
670 ## - SOURCE DATA FOUND
- Source citation: Work cat.: (OSt): Dutton, Richard, 1948- author 51803, Shakespeare's theatre : , ©2018.
